000 00625nam a22002177a 4500
003 UA-OsUOA
001 80681
007 ta
008 20111222b un ||||| |||| 00| 0 ukr d
100 _aІващенко В.Л.
090 _a81
_bИ99
942 _cSA
040 _aUA-OsUOA
_bukr
_cUA-OsUOA
_dUA-OsUOA
245 _aЯвище енантіосемії в українській термінології
300 _aС.30-42
955 _a0
041 _aukr
080 _a81
773 0 _w80679
650 7 _a8 Мовознавство. Художня література. Літературознавство
_2UDC
999 _c366989
_d366989